Normal view
MARC view
Entry Personal Name
001 - CONTROL NUMBER
- control field: 1238944
003 - CONTROL NUMBER IDENTIFIER
- control field: OSt
005 - DATE AND TIME OF LATEST TRANSACTION
- control field: 20260511114454.0
008 - FIXED-LENGTH DATA ELEMENTS
- fixed length control field: 260511|| aca||aabn | a|a d
040 ## - CATALOGING SOURCE
- Original cataloging agency: OSt
- Transcribing agency: OSt
100 ## - HEADING--PERSONAL NAME
- Personal name: McCauley, Martin
670 ## - SOURCE DATA FOUND
- Source citation: Work cat.: (OSt)105719: McCauley, Martin, Marxism-Leninism in the German democratic republic: , 1979.
